| 000 | 03307nam a2200373 i 4500 | ||
|---|---|---|---|
| 999 |
_c65780 _d65780 |
||
| 001 | 768714001 | ||
| 003 | CO-MdFUSB | ||
| 005 | 20200422153537.0 | ||
| 007 | ta | ||
| 008 | 200422t1997 nyua|||| |||| 00| 0 eng d | ||
| 020 | _a0415152267 | ||
| 040 |
_aCO-MdFUSB _bspa _cCO-MdFUSB _dCO-MdFUSBC _erda |
||
| 041 | _aeng | ||
| 082 |
_223 _a291.35 _bS123 |
||
| 245 |
_aSacred sites, sacred places _c/ editado por David L. Carmichael , Jane Hubert , Brian Reeves , Audhild Schanche |
||
| 264 | 1 |
_aNueva York : _bRoutledge, _c[1997] |
|
| 264 | 4 | _c© 1997 | |
| 300 |
_a300 páginas _bilustraciones, mapas _c; 24 cm |
||
| 336 |
_2rdacontent _atexto _btxt |
||
| 337 |
_2rdamedia _asin mediación _bn |
||
| 338 |
_2rdacarrier _avolumen _bnc |
||
| 490 | 1 | _aOne world archaeology | |
| 505 | _aIntroducción / David Carmichael, Jane Hubert y Brian Reeves. -- Creencias sagradas y creencias de lo sagrado / Jane Hubert - Geografía sagrada Wintu del norte de California / Dorothea J. Theodoratus & Frank LaPena. -- Paisajes neolíticos sagrados y seculares en Irlanda / Gabriel Cooney -Espacio sagrado en la cultura de las regiones árticas / OV Ovsyannikov y NM Terebikhin; traducido del ruso por Katharine Judelson - Sitios sagrados en Madagascar / Chantal Radimilahy - Lugares de poder: sitios sagrados Mescalero Apache y áreas sensibles / David L. Carmichael - Sitios sagrados en los pastizales de Bamenda de Camerún: un estudio de sitios sagrados en Nso 'Fondom / Mary Maimo Mumah - Sitios sagrados de Bukusu / Simiyu Wandibba - Lugares de sacrificio y su significado en la sociedad saami / Inga-Maria Mulk - El Mijikenda kaya como sitio sagrado / HW Mutoro - La percepción y el tratamiento de lugares y sitios sagrados prehistóricos y contemporáneos en Polonia / Katarzyna Marciniak - Islam en la costa de Kenia: una visión general de los sitios sagrados costeros de Kenia / George H. Okello Abungu - Una ceremonia en la "cueva de la idolatría": un documento del siglo XVIII del Archivo Histórico Diocesano, Chiapas, México / Inés Sanmiguel; traducido por Ben Alberti - En la boca de la cueva de obsidiana: deidad y lugar en la religión azteca / Nicholas J. Saunders - Sto: lo terreno sagrado / Gordon Mohs -Los espíritus del pueblo Chugach de Alaska están en reposo una vez más / John FC Johnson - Waahi tapu: Sitios sagrados maoríes / Hirini Matunga - Principios y práctica de las leyes de protección de sitios en Australia / David Ritchie - Cuando la tierra sagrada es sagrada para tres tribus: los sitios sagrados de San Juan Paiute y el traje Hopi-Navajo-Paiute para dividir el Reserva Navajo de Arizona / Robert Franklin y Pamela Bunte - Turismo y la Rueda de Medicina Bighorn: cómo el uso múltiple no funciona para sitios de tierra sagrada / Nicole Price - Ninaistákis-la montaña sagrada de Nitsitapii: actividades religiosas nativas tradicionales y uso de la tierra / conflictos turísticos / Brian Reeves. | ||
| 563 | _aRústico | ||
| 650 | 7 |
_9388 _aReligión y cultura |
|
| 700 |
_93464 _aCarmichael, David L. _eeditor |
||
| 700 |
_93465 _aHubert, Jane. _eeditor |
||
| 700 |
_93466 _aReeves, Brian D. _eeditor |
||
| 700 |
_93467 _aSchanche, Audhild, _eeditor |
||
| 830 |
_aOne world archaeology _v23 |
||
| 942 | _cBK | ||
| 945 | _aJTF-925 | ||